Scottish Executive Housing Improvement Task Force (Record no. 70893)
[ view plain ]
| 000 -LEADER | |
|---|---|
| fixed length control field | 01137cam a2200193 4500 |
| 008 - FIXED-LENGTH DATA ELEMENTS--GENERAL INFORMATION | |
| fixed length control field | 020805n2002 000 0 eng u |
| 035 ## - SYSTEM CONTROL NUMBER | |
| System control number | (Sirsi) u119175 |
| 100 ## - MAIN ENTRY--PERSONAL NAME | |
| Personal name | Lewin, L. |
| 245 ## - TITLE STATEMENT | |
| Title | Scottish Executive Housing Improvement Task Force |
| 260 ## - PUBLICATION, DISTRIBUTION, ETC. | |
| Date of publication, distribution, etc. | 2002 |
| 490 ## - SERIES STATEMENT | |
| Series statement | Property Law |
| Volume/sequential designation | (58) July 2002, 1-2(2) |
| 520 ## - SUMMARY, ETC. | |
| Summary, etc. | Highlights work and aims of the Scottish Executive's Housing Improvement Task Force. There are 16 members who represent the Council of Mortgage Lenders, Banks, Housing Associations, Surveyors, Solicitors, the Scottish Consumer Council, Property Factors Association, Shelter and Local Authorities. They have been looking at owner-occupiers resident in housing that requires improvement or repairs; individuals buying and selling property; landlords renting property in the private sector (and the interests of tenants who occupy these properties) and common or shared obligations in respect of property. Task Force web site is at www.scotland.gov.uk/hitf |
| 590 ## - LOCAL NOTE (RLIN) | |
| Local note | ABS |
| 650 ## - SUBJECT ADDED ENTRY--TOPICAL TERM | |
| Topical term or geographic name entry element | HOUSING IMPROVEMENT SCHEMES |
| 650 ## - SUBJECT ADDED ENTRY--TOPICAL TERM | |
| Topical term or geographic name entry element | SCOTLAND |
| 690 ## - LOCAL SUBJECT ADDED ENTRY--TOPICAL TERM (OCLC, RLIN) | |
| Topical term or geographic name as entry element | HOUSING |
| 700 ## - ADDED ENTRY--PERSONAL NAME | |
| Personal name | Brymer, S. |
| 942 ## - ADDED ENTRY ELEMENTS (KOHA) | |
| Suppress in OPAC | 0 |
No items available.